Представление документа в формате MARC21

ПолеНазваниеЗначение
  Тип записи a
  Библиографический уровень m
001 Контрольный номер BIBLIOCLUB\0000718685
005 Дата корректировки 20260430154903.0
006 m o d
007 Элементы данных для физической характеристики c|||||||||||||
008 Кодируемые данные s2023 rus o rus d
020 Индекс ISBN __
a ISBN 978-5-7972-3206-3
041 Код языка издания 0_
a Код языка текста rus
084 Индекс другой классификации/Индекс ББК __
a Индекс другой классификации/Индекс ББК 13я73
b Номер единицы LBC/PL
2 Источник индекса rubbk
245 Заглавие 10
a Заглавие Теория систем и системный анализ
b Продолж. заглавия учебное пособие
c Ответственность Т. Г. Синявская, А. А. Рудяга, О. Н. Федосова, А. А. Трегубова, Г. В. Павленко
c Ответственность Ростовский государственный экономический университет (РИНХ)
260 Выходные данные __
a Место издания Ростов-на-Дону
b Издательство Издательско-полиграфический комплекс РГЭУ (РИНХ)
c Дата издания 2023
300 Физическое описание __
a Объем 80 с.
b Иллюстрации/ тип воспроизводства ил., табл.
504 Библиография __
a Библиография Библиогр. в кн
653 Ключевые слова 1_
a Ключевые слова Учебник для высшей школы
700 Другие авторы _1
a Другие авторы Павленко Г. В.
700 Другие авторы _1
a Другие авторы Рудяга А. А.
700 Другие авторы _1
a Другие авторы Синявская Т. Г.
700 Другие авторы _1
a Другие авторы Трегубова А. А.
700 Другие авторы _1
a Другие авторы Федосова О. Н.
856 Электронный адрес документа 40
3 Область применения данных поля Университетская библиотека ONLINE
u URL https://biblioclub.ru/index.php?page=book&id=718685
900 Электронные ресурсы __
a Имя электронного ресурса https://img.biblioclub.ru/sm_cover/c796be057fe7aea26e6b6815efc8e26af1crw5kxph/cover.jpg